Spain 2018 FIFA World Cup Squad - Statistics

General Stats
  • This quiz has been taken 1,312 times
  • The average score is 17 of 23
Answer Stats
Position Player Club % Correct
GK David De Gea Manchester United
98%
CB Sergio Ramos Real Madrid
96%
CB Gerard Pique Barcelona
94%
LB Jordi Alba Barcelona
91%
CM Andres Iniesta Barcelona
87%
CAM David Silva Manchester City
87%
RB Dani Carvajal Real Madrid
86%
CM Sergio Busquets Barcelona
86%
CM/CAM Koke Atletico Madrid
84%
CM Thiago Alcantara Bayern Munich
83%
F Iago Aspas Celta Vigo
82%
CM/CAM Isco Real Madrid
81%
CB Nacho Fernandez Real Madrid
81%
CB Nacho Monreal Arsenal
81%
GK Pepe Reina Napoli
80%
RB Cesar Azpilicueta Chelsea
79%
F Diego Costa Atletico Madrid
75%
CM/CAM Marco Asensio Real Madrid
72%
CM Saul Niguez Atletico Madrid
70%
GK Kepa Arrizabalaga Athletic Bilbao
61%
RB Alvaro Odriozola Real Sociedad
35%
F Rodrigo Moreno Valencia
34%
F Lucas Vasquez Real Madrid
24%
No matching quizzes found
Score Distribution
Percent of People with Each Score
Percentile by Number Answered
Your Score History
You have not taken this quiz